| 000 | 00848nam a2200289Ia 4500 | ||
|---|---|---|---|
| 001 | Para_457 | ||
| 003 | CHAP | ||
| 008 | 220125s1999 xx 000 0 und d | ||
| 010 | _a199212 | ||
| 040 | _cCHAP | ||
| 082 | _aPA 576 D5 | ||
| 100 |
_aKoneman, Elmer W. _9164518 |
||
| 245 |
_aDiagnóstico microbiológico : _b texto y atlas color / _c por Elmer W. Koneman [y otros] |
||
| 260 |
_aMadrid, España : _b Panamericana |
||
| 300 | _a1432 p. | ||
| 650 |
_aBacterias fitopatógenas _99326 |
||
| 650 |
_aBacteriología agrícola _99337 |
||
| 650 |
_aHongos fitopatógenos _956132 |
||
| 650 |
_aMicrobiología _x fisiología y morfología _975493 |
||
| 901 | _aPA 576 D5 | ||
| 902 | _aA | ||
| 905 | _a0000001999 dn 0000000000 00 | ||
| 910 | _a1999 | ||
| 942 | _cPARA | ||
| 942 |
_cPARA _d1 |
||
| 999 |
_c199212 _d199212 |
||